Ciencias Sociales y gestión ambiental: el caso del desarrollo forestal urbano en Costa Rica = Social Sciences and enviromental management : the case of urban forestry in Costa Rica /
Este artículo explora sobre el desarrollo forestal urbano en Costa Rica y su contexto global. Subrayando la importancia del desarrollo y gestión de la foresta urbana como eje articulador de esfuerzos integrales de conservación de la naturaleza y mejoramiento urbano en el país. Finalmente, ofrece un...
Збережено в:
| Автор: | |
|---|---|
| Формат: | Текст |
| Предмети: | |
| Теги: |
Додати тег
Немає тегів, Будьте першим, хто поставить тег для цього запису!
|
MARC
| LEADER | 00000 a a2200000 04500 | ||
|---|---|---|---|
| 001 | 41123 | ||
| 003 | |||
| 040 | |||
| 100 | |a Herrera Rodríguez, Mauricio | ||
| 245 | |a Ciencias Sociales y gestión ambiental: el caso del desarrollo forestal urbano en Costa Rica = |b Social Sciences and enviromental management : the case of urban forestry in Costa Rica / |c Mauricio Herrera Rodríguez | ||
| 500 | |a meros@gmail.com |a mheroz@gmail.com | ||
| 520 | |a Este artículo explora sobre el desarrollo forestal urbano en Costa Rica y su contexto global. Subrayando la importancia del desarrollo y gestión de la foresta urbana como eje articulador de esfuerzos integrales de conservación de la naturaleza y mejoramiento urbano en el país. Finalmente, ofrece un análisis sobre el desarrollo del conocimiento y formación de profesionales en esta área a nivel universitario; así como una reflexión sobre el papel que pueden y deben jugar las ciencias sociales en el enriquecimiento de la práctica y el desarrollo de conocimiento en este campo de acción emergente e inherentemente transdisciplinario. | ||
| 590 | |a SJB/OCTUBRE2012 | ||
| 650 | |a 1.GESTION AMBIENTAL | ||
| 650 | |a 2.PROTECCION FORESTAL | ||
| 650 | |a 3.FORESTACION PROTECTORA | ||
| 650 | |a 4.DESARROLLO SOSTENIBLE | ||
| 650 | |a 5.CIENCIAS FORESTALES | ||
| 650 | |a 6.CIENCIAS SOCIALES | ||
| 650 | |a 7.COSTA RICA | ||
| 773 | |g volumen89, número2 ( , 2010), páginas 13-25 | ||
| 999 | |c 31712 |d 31712 | ||
